000 00403nam a2200181Ia 4500
008 220531s9999 xx 000 0 und d
041 _aeng
082 _bHAR
100 _aHardy, Thomas
_950090
245 _aJude The Obscure
250 _a1ST
260 _bUBSBD
_c2005
300 _a526
542 _d14-11-2005
650 _aEnglish
_950091
906 _d2005-2006
999 _c29235
_d29235